000 00780na a2200241 4500
001 18975
003 MIRAKIL
005 20181213155051.0
008 161206b tu 000 0
020 _a9751800226 (3.C)
020 _a975180017X (T-K)
040 _aMilas
_btur
_cTR-AnCHP
041 _atur
082 _a304.809
_bİ95 1998
090 _a304.809 İ95 1998
245 _aİzmir'in kentleşme-çevre-göç sorunları ve çözüm önerileri
_bGöç raporu (taslak rapor)
_ced. Zerrin Toprak Kahraman ...[ve öte.]
260 _aİzmir
_bİzmir Büyükşehir Belediyesi
_c1998
300 _ac^3^ ix,190 s.
_btbl.;
_c28 sm
490 _aYerel gündem
_v21
650 _aGöç hareketleri
_xRaporlar
_zİzmir
700 _aKahraman, Zerrin Toprak
942 _2dcc
_cBKS
999 _c5935
_d5935